[Event "DVM U14 2022"]
[Site "Kelheim GER"]
[Date "2022.12.27"]
[Round "2"]
[White "Bräutigam, Katerina"]
[Black "Wunderlich, Elias"]
[Result "0-1"]
[Termination "normal"]
[Board "1.1"]
[WhiteElo "1874"]
[BlackElo "1789"]
[WhiteClock "00:00:36"]
[BlackClock "00:14:21"]
[WhiteTeam "SK Doppelbauer Kiel"]
[BlackTeam "SC Garching 1980 e.V."]
[PlyCount "70"]
[WhiteFideId "16242980"]
[BlackFideId "34608087"]
[EventCountry "GER"]
[EventRounds "7"]
[EventType "team-swiss"]
[EventDate "2022.12.26"]

1. e4 {[%clk 01:30:57]} {[%emt 00:00:03]} e6 {[%clk 01:30:55]} {[%emt
00:00:06]} 2. d4 {[%clk 01:31:23]} {[%emt 00:00:03]} d5 {[%clk 01:31:23]}
{[%emt 00:00:03]} 3. e5 {[%clk 01:31:45]} {[%emt 00:00:07]} c5 {[%clk
01:31:51]} {[%emt 00:00:03]} 4. c3 {[%clk 01:32:09]} {[%emt 00:00:06]} Nc6
{[%clk 01:32:16]} {[%emt 00:00:05]} 5. Nf3 {[%clk 01:32:32]} {[%emt 00:00:06]}
Bd7 {[%clk 01:32:24]} {[%emt 00:00:23]} 6. Be2 {[%clk 01:32:36]} {[%emt
00:00:24]} Qb6 {[%clk 01:32:23]} {[%emt 00:00:33]} 7. O-O {[%clk 01:32:11]}
{[%emt 00:00:54]} cxd4 {[%clk 01:32:20]} {[%emt 00:00:34]} 8. cxd4 {[%clk
01:32:29]} {[%emt 00:00:12]} Nh6 {[%clk 01:32:45]} {[%emt 00:00:05]} 9. Nc3
{[%clk 01:27:49]} {[%emt 00:05:09]} Nf5 {[%clk 01:32:27]} {[%emt 00:00:49]} 10.
Na4 {[%clk 01:26:27]} {[%emt 00:01:52]} Qc7 {[%clk 01:32:07]} {[%emt 00:00:50]}
11. Be3 {[%clk 01:23:52]} {[%emt 00:03:05]} Be7 {[%clk 01:31:31]} {[%emt
00:01:06]} 12. Rc1 {[%clk 01:22:01]} {[%emt 00:02:21]} O-O {[%clk 01:17:27]}
{[%emt 00:14:34]} 13. a3 {[%clk 01:15:06]} {[%emt 00:07:25]} b6 {[%clk
01:12:00]} {[%emt 00:05:57]} 14. b4 {[%clk 00:49:06]} {[%emt 00:26:29]} Qb7
{[%clk 01:11:10]} {[%emt 00:01:20]} 15. Qb3 {[%clk 00:39:44]} {[%emt 00:09:52]}
Rac8 {[%clk 01:09:36]} {[%emt 00:02:04]} 16. Bd3 {[%clk 00:33:49]} {[%emt
00:06:25]} Nxe3 {[%clk 01:02:40]} {[%emt 00:07:26]} 17. fxe3 {[%clk 00:34:10]}
{[%emt 00:00:09]} f6 {[%clk 01:01:36]} {[%emt 00:01:35]} 18. e4 {[%clk
00:22:45]} {[%emt 00:11:54]} fxe5 {[%clk 00:59:52]} {[%emt 00:02:15]} 19. dxe5
{[%clk 00:11:04]} {[%emt 00:12:10]} Qb8 {[%clk 00:38:18]} {[%emt 00:22:05]} 20.
Ba6 {[%clk 00:04:41]} {[%emt 00:06:52]} Rcd8 {[%clk 00:36:31]} {[%emt
00:02:17]} 21. exd5 {[%clk 00:03:57]} {[%emt 00:01:15]} Nxe5 {[%clk 00:35:21]}
{[%emt 00:01:39]} 22. dxe6 {[%clk 00:03:37]} {[%emt 00:00:50]} Nxf3 {[%clk
00:34:54]} {[%emt 00:00:58]} 23. gxf3 {[%clk 00:01:27]} {[%emt 00:02:39]} Bxa4
{[%clk 00:31:32]} {[%emt 00:03:52]} 24. Qxa4 {[%clk 00:01:55]} {[%emt
00:00:02]} Rd2 {[%clk 00:31:45]} {[%emt 00:00:16]} 25. f4 {[%clk 00:00:54]}
{[%emt 00:01:33]} Qd8 {[%clk 00:28:55]} {[%emt 00:03:19]} 26. Qc6 {[%clk
00:00:35]} {[%emt 00:00:49]} Qd4 {[%clk 00:27:23]} {[%emt 00:02:02]} 27. Kh1
{[%clk 00:01:04]} {[%emt 00:00:02]} Qb2 {[%clk 00:20:35]} {[%emt 00:07:17]} 28.
Qf3 {[%clk 00:00:37]} {[%emt 00:00:57]} Rxh2 {[%clk 00:20:24]} {[%emt
00:00:41]} 29. Kg1 {[%clk 00:01:06]} {[%emt 00:00:01]} Rh4 {[%clk 00:15:49]}
{[%emt 00:05:05]} 30. Qf2 {[%clk 00:00:36]} {[%emt 00:01:00]} Rg4 {[%clk
00:14:01]} {[%emt 00:02:18]} 31. Kh1 {[%clk 00:00:36]} {[%emt 00:00:31]} Qf6
{[%clk 00:13:50]} {[%emt 00:00:41]} 32. Qh2 {[%clk 00:00:31]} {[%emt 00:00:35]}
Rh4 {[%clk 00:14:02]} {[%emt 00:00:17]} 33. f5 {[%clk 00:00:39]} {[%emt
00:00:22]} Bd6 {[%clk 00:13:36]} {[%emt 00:00:56]} 34. Qxh4 {[%clk 00:00:36]}
{[%emt 00:00:33]} Qxh4 {[%clk 00:14:02]} {[%emt 00:00:04]} 35. Kg2 {[%clk
00:00:36]} {[%emt 00:00:31]} Qg3 {[%clk 00:14:21]} {[%emt 00:00:10]} 0-1

[Event "DVM U14 2022"]
[Site "Kelheim GER"]
[Date "2022.12.27"]
[Round "2"]
[White "Sajka, Noah"]
[Black "Bräutigam, Alexander"]
[Result "0-1"]
[Termination "normal"]
[Board "1.2"]
[WhiteElo "1233"]
[BlackElo "1941"]
[WhiteClock "00:36:10"]
[BlackClock "00:28:37"]
[WhiteTeam "SC Garching 1980 e.V."]
[BlackTeam "SK Doppelbauer Kiel"]
[PlyCount "128"]
[WhiteFideId "34608192"]
[BlackFideId "16245210"]
[EventCountry "GER"]
[EventRounds "7"]
[EventType "team-swiss"]
[EventDate "2022.12.26"]

1. e4 {[%clk 01:30:58]} {[%emt 00:00:01]} c5 {[%clk 01:30:56]} {[%emt
00:00:05]} 2. Nf3 {[%clk 01:31:22]} {[%emt 00:00:05]} d6 {[%clk 01:31:22]}
{[%emt 00:00:05]} 3. c3 {[%clk 01:31:42]} {[%emt 00:00:10]} Nf6 {[%clk
01:31:43]} {[%emt 00:00:08]} 4. Be2 {[%clk 01:31:58]} {[%emt 00:00:15]} g6
{[%clk 01:31:45]} {[%emt 00:00:28]} 5. d3 {[%clk 01:30:42]} {[%emt 00:01:46]}
Bg7 {[%clk 01:32:06]} {[%emt 00:00:09]} 6. h3 {[%clk 01:29:47]} {[%emt
00:01:25]} Nc6 {[%clk 01:31:33]} {[%emt 00:01:03]} 7. Be3 {[%clk 01:28:53]}
{[%emt 00:01:24]} a6 {[%clk 01:28:52]} {[%emt 00:03:11]} 8. a4 {[%clk
01:26:44]} {[%emt 00:02:39]} b6 {[%clk 01:26:29]} {[%emt 00:02:52]} 9. Qd2
{[%clk 01:22:38]} {[%emt 00:04:37]} Bb7 {[%clk 01:26:27]} {[%emt 00:00:32]} 10.
O-O {[%clk 01:19:09]} {[%emt 00:03:59]} O-O {[%clk 01:26:48]} {[%emt 00:00:09]}
11. Bh6 {[%clk 01:16:38]} {[%emt 00:03:01]} Qc7 {[%clk 01:23:59]} {[%emt
00:03:19]} 12. Bxg7 {[%clk 01:16:00]} {[%emt 00:01:08]} Kxg7 {[%clk 01:24:16]}
{[%emt 00:00:13]} 13. Na3 {[%clk 01:11:24]} {[%emt 00:05:07]} e6 {[%clk
01:18:46]} {[%emt 00:05:59]} 14. Rac1 {[%clk 01:08:39]} {[%emt 00:03:16]} d5
{[%clk 01:14:58]} {[%emt 00:04:17]} 15. exd5 {[%clk 01:06:14]} {[%emt
00:02:55]} exd5 {[%clk 01:15:06]} {[%emt 00:00:22]} 16. d4 {[%clk 01:03:27]}
{[%emt 00:03:17]} c4 {[%clk 01:14:22]} {[%emt 00:01:13]} 17. Rfe1 {[%clk
00:58:22]} {[%emt 00:05:35]} Rae8 {[%clk 01:10:16]} {[%emt 00:04:37]} 18. Nc2
{[%clk 00:55:46]} {[%emt 00:03:06]} Ne4 {[%clk 01:07:53]} {[%emt 00:02:53]} 19.
Qd1 {[%clk 00:56:02]} {[%emt 00:00:14]} Na5 {[%clk 01:06:16]} {[%emt 00:02:07]}
20. Ne3 {[%clk 00:53:59]} {[%emt 00:02:34]} Nb3 {[%clk 01:05:08]} {[%emt
00:01:37]} 21. Rb1 {[%clk 00:53:53]} {[%emt 00:00:36]} Qd7 {[%clk 01:03:44]}
{[%emt 00:01:52]} 22. Nf1 {[%clk 00:50:27]} {[%emt 00:03:57]} Qxa4 {[%clk
01:01:57]} {[%emt 00:02:18]} 23. N1d2 {[%clk 00:48:55]} {[%emt 00:02:01]} Nexd2
{[%clk 00:55:36]} {[%emt 00:06:52]} 24. Nxd2 {[%clk 00:48:54]} {[%emt
00:00:31]} b5 {[%clk 00:55:35]} {[%emt 00:00:32]} 25. Nxb3 {[%clk 00:47:22]}
{[%emt 00:02:01]} Qxb3 {[%clk 00:55:45]} {[%emt 00:00:20]} 26. Qd2 {[%clk
00:45:50]} {[%emt 00:02:02]} b4 {[%clk 00:54:37]} {[%emt 00:01:37]} 27. cxb4
{[%clk 00:37:08]} {[%emt 00:09:13]} Re7 {[%clk 00:50:59]} {[%emt 00:04:08]} 28.
Bd1 {[%clk 00:36:07]} {[%emt 00:01:30]} Rxe1 {[%clk 00:50:55]} {[%emt
00:00:35]} 29. Qxe1 {[%clk 00:36:18]} {[%emt 00:00:19]} Qd3 {[%clk 00:51:17]}
{[%emt 00:00:07]} 30. Bf3 {[%clk 00:32:47]} {[%emt 00:04:01]} Qxd4 {[%clk
00:51:11]} {[%emt 00:00:38]} 31. Qc3 {[%clk 00:32:45]} {[%emt 00:00:31]} Qxc3
{[%clk 00:39:55]} {[%emt 00:11:46]} 32. bxc3 {[%clk 00:33:08]} {[%emt
00:00:07]} Rd8 {[%clk 00:39:47]} {[%emt 00:00:38]} 33. Rd1 {[%clk 00:32:08]}
{[%emt 00:01:30]} f5 {[%clk 00:38:28]} {[%emt 00:01:48]} 34. Kf1 {[%clk
00:28:46]} {[%emt 00:03:53]} Kf6 {[%clk 00:38:47]} {[%emt 00:00:11]} 35. Rd4
{[%clk 00:28:54]} {[%emt 00:00:22]} Bc6 {[%clk 00:36:02]} {[%emt 00:03:14]} 36.
Bd1 {[%clk 00:28:06]} {[%emt 00:01:19]} Re8 {[%clk 00:35:39]} {[%emt 00:00:53]}
37. Bf3 {[%clk 00:27:15]} {[%emt 00:01:21]} Re5 {[%clk 00:32:33]} {[%emt
00:03:36]} 38. Rd2 {[%clk 00:26:45]} {[%emt 00:01:00]} Ke6 {[%clk 00:31:31]}
{[%emt 00:01:32]} 39. Rd4 {[%clk 00:26:03]} {[%emt 00:01:12]} Ba4 {[%clk
00:30:45]} {[%emt 00:01:16]} 40. Rd2 {[%clk 00:26:07]} {[%emt 00:00:25]} Bb3
{[%clk 00:30:03]} {[%emt 00:01:12]} 41. g4 {[%clk 00:24:28]} {[%emt 00:02:10]}
f4 {[%clk 00:28:14]} {[%emt 00:02:19]} 42. h4 {[%clk 00:22:21]} {[%emt
00:02:36]} h6 {[%clk 00:28:03]} {[%emt 00:00:41]} 43. Rb2 {[%clk 00:21:59]}
{[%emt 00:00:52]} g5 {[%clk 00:27:37]} {[%emt 00:00:57]} 44. h5 {[%clk
00:22:03]} {[%emt 00:00:26]} Ba4 {[%clk 00:25:26]} {[%emt 00:02:42]} 45. Ra2
{[%clk 00:21:22]} {[%emt 00:01:10]} Bb5 {[%clk 00:25:29]} {[%emt 00:00:28]} 46.
Rd2 {[%clk 00:21:31]} {[%emt 00:00:21]} Kd6 {[%clk 00:22:13]} {[%emt 00:03:45]}
47. Rd1 {[%clk 00:20:58]} {[%emt 00:01:02]} Bc6 {[%clk 00:21:38]} {[%emt
00:01:06]} 48. Ra1 {[%clk 00:20:44]} {[%emt 00:00:44]} Bb7 {[%clk 00:20:28]}
{[%emt 00:01:40]} 49. Rd1 {[%clk 00:20:16]} {[%emt 00:00:58]} Kc6 {[%clk
00:20:01]} {[%emt 00:00:56]} 50. Ra1 {[%clk 00:20:37]} {[%emt 00:00:09]} Re6
{[%clk 00:15:54]} {[%emt 00:04:38]} 51. Rd1 {[%clk 00:19:43]} {[%emt 00:01:24]}
Kb5 {[%clk 00:13:40]} {[%emt 00:02:43]} 52. Ra1 {[%clk 00:19:18]} {[%emt
00:00:55]} Rd6 {[%clk 00:12:37]} {[%emt 00:01:34]} 53. Ke2 {[%clk 00:19:02]}
{[%emt 00:00:45]} Bc6 {[%clk 00:10:12]} {[%emt 00:02:56]} 54. Ra2 {[%clk
00:16:39]} {[%emt 00:02:53]} Kb6 {[%clk 00:08:07]} {[%emt 00:02:34]} 55. Rd2
{[%clk 00:14:09]} {[%emt 00:03:01]} d4 {[%clk 00:06:37]} {[%emt 00:02:00]} 56.
Bxc6 {[%clk 00:14:08]} {[%emt 00:00:30]} Kxc6 {[%clk 00:05:55]} {[%emt
00:01:12]} 57. Ra2 {[%clk 00:08:15]} {[%emt 00:06:23]} dxc3 {[%clk 00:27:36]}
{[%emt 00:08:50]} 58. Rxa6 {[%clk 00:37:59]} {[%emt 00:00:47]} Kc7 {[%clk
00:27:47]} {[%emt 00:00:19]} 59. Rxd6 {[%clk 00:35:52]} {[%emt 00:02:37]} Kxd6
{[%clk 00:28:03]} {[%emt 00:00:13]} 60. f3 {[%clk 00:35:43]} {[%emt 00:00:39]}
Kc6 {[%clk 00:28:19]} {[%emt 00:00:14]} 61. Kd1 {[%clk 00:35:44]} {[%emt
00:00:29]} Kb5 {[%clk 00:28:12]} {[%emt 00:00:37]} 62. Kc1 {[%clk 00:35:49]}
{[%emt 00:00:25]} Kxb4 {[%clk 00:27:46]} {[%emt 00:00:55]} 63. Kc2 {[%clk
00:35:47]} {[%emt 00:00:33]} Kc5 {[%clk 00:28:12]} {[%emt 00:00:04]} 64. Kxc3
{[%clk 00:36:10]} {[%emt 00:00:07]} Kd5 {[%clk 00:28:37]} {[%emt 00:00:04]} 0-1

[Event "DVM U14 2022"]
[Site "Kelheim GER"]
[Date "2022.12.27"]
[Round "2"]
[White "Vollbehr, Bjarne"]
[Black "Chua, Daniel James"]
[Result "1-0"]
[Termination "normal"]
[Board "1.3"]
[WhiteElo "1791"]
[BlackElo "1416"]
[WhiteClock "00:48:16"]
[BlackClock "00:00:32"]
[WhiteTeam "SK Doppelbauer Kiel"]
[BlackTeam "SC Garching 1980 e.V."]
[PlyCount "67"]
[WhiteFideId "34606025"]
[BlackFideId "34608354"]
[EventCountry "GER"]
[EventRounds "7"]
[EventType "team-swiss"]
[EventDate "2022.12.26"]

1. d4 {[%clk 01:30:49]} {[%emt 00:00:11]} Nf6 {[%clk 01:30:40]} {[%emt
00:00:21]} 2. c4 {[%clk 01:31:12]} {[%emt 00:00:06]} g6 {[%clk 01:31:00]}
{[%emt 00:00:09]} 3. Nc3 {[%clk 01:31:29]} {[%emt 00:00:14]} Bg7 {[%clk
01:31:00]} {[%emt 00:00:29]} 4. e4 {[%clk 01:31:29]} {[%emt 00:00:32]} d6
{[%clk 01:31:16]} {[%emt 00:00:14]} 5. f3 {[%clk 01:31:41]} {[%emt 00:00:18]}
O-O {[%clk 01:31:37]} {[%emt 00:00:09]} 6. Be3 {[%clk 01:32:06]} {[%emt
00:00:05]} e5 {[%clk 01:31:39]} {[%emt 00:00:28]} 7. Nge2 {[%clk 01:32:17]}
{[%emt 00:00:19]} exd4 {[%emt 00:00:09]} 8. Nxd4 {[%clk 01:32:31]} {[%emt
00:00:13]} c6 {[%clk 01:32:27]} {[%emt 00:00:07]} 9. Be2 {[%clk 01:31:40]}
{[%emt 00:01:19]} d5 {[%clk 01:32:38]} {[%emt 00:00:20]} 10. e5 {[%clk
01:25:39]} {[%emt 00:06:30]} Nfd7 {[%clk 01:31:53]} {[%emt 00:01:14]} 11. e6
{[%clk 01:21:48]} {[%emt 00:04:22]} Ne5 {[%clk 01:27:27]} {[%emt 00:04:56]} 12.
cxd5 {[%clk 01:20:01]} {[%emt 00:02:17]} cxd5 {[%clk 01:26:08]} {[%emt
00:01:49]} 13. e7 {[%clk 01:18:53]} {[%emt 00:01:38]} Qxe7 {[%clk 01:26:21]}
{[%emt 00:00:17]} 14. Nxd5 {[%clk 01:19:05]} {[%emt 00:00:18]} Qd7 {[%clk
01:16:39]} {[%emt 00:10:13]} 15. Nb5 {[%clk 01:17:49]} {[%emt 00:01:46]} Na6
{[%clk 01:12:02]} {[%emt 00:05:06]} 16. Rc1 {[%clk 01:16:31]} {[%emt 00:01:48]}
Nc6 {[%clk 01:03:21]} {[%emt 00:09:11]} 17. Qd2 {[%clk 01:05:42]} {[%emt
00:11:19]} Rd8 {[%clk 00:48:15]} {[%emt 00:15:37]} 18. Rd1 {[%clk 01:04:51]}
{[%emt 00:01:20]} Qe6 {[%clk 00:36:22]} {[%emt 00:12:23]} 19. Bg5 {[%clk
01:02:01]} {[%emt 00:03:20]} f6 {[%clk 00:29:13]} {[%emt 00:07:40]} 20. Bf4
{[%clk 01:01:20]} {[%emt 00:01:10]} Rd7 {[%clk 00:25:44]} {[%emt 00:04:00]} 21.
O-O {[%clk 01:00:50]} {[%emt 00:00:59]} h5 {[%clk 00:22:58]} {[%emt 00:03:17]}
22. Rfe1 {[%clk 00:59:55]} {[%emt 00:01:24]} Kh7 {[%clk 00:22:47]} {[%emt
00:00:41]} 23. Bc4 {[%clk 00:59:28]} {[%emt 00:00:57]} Ne5 {[%clk 00:21:57]}
{[%emt 00:01:21]} 24. Bxe5 {[%clk 00:51:55]} {[%emt 00:08:03]} fxe5 {[%clk
00:21:54]} {[%emt 00:00:33]} 25. Qg5 {[%clk 00:51:45]} {[%emt 00:00:38]} Qc6
{[%clk 00:18:32]} {[%emt 00:03:54]} 26. b3 {[%clk 00:50:41]} {[%emt 00:01:34]}
Qc5 {[%clk 00:16:59]} {[%emt 00:02:02]} 27. Kh1 {[%clk 00:50:41]} {[%emt
00:00:30]} Nb4 {[%clk 00:16:33]} {[%emt 00:00:56]} 28. Nbc3 {[%clk 00:49:41]}
{[%emt 00:01:30]} b5 {[%clk 00:15:26]} {[%emt 00:01:38]} 29. Ne4 {[%clk
00:49:43]} {[%emt 00:00:27]} Qc6 {[%clk 00:12:36]} {[%emt 00:03:19]} 30. Nef6
{[%clk 00:49:07]} {[%emt 00:01:07]} Bxf6 {[%clk 00:12:37]} {[%emt 00:00:29]}
31. Nxf6 {[%clk 00:49:28]} {[%emt 00:00:09]} Kg7 {[%clk 00:12:51]} {[%emt
00:00:17]} 32. Nxh5 {[%clk 00:48:58]} {[%emt 00:00:59]} Kf8 {[%clk 00:05:40]}
{[%emt 00:07:39]} 33. Qxe5 {[%clk 00:48:49]} {[%emt 00:00:40]} Qe6 {[%clk
00:00:32]} {[%emt 00:05:40]} 34. Qxe6 {[%clk 00:48:16]} {[%emt 00:01:02]} 1-0

[Event "DVM U14 2022"]
[Site "Kelheim GER"]
[Date "2022.12.27"]
[Round "2"]
[White "Lange, Tobias"]
[Black "Li, Luxuan"]
[Result "1-0"]
[Termination "normal"]
[Board "1.4"]
[WhiteElo "1472"]
[BlackElo "1380"]
[WhiteClock "01:14:12"]
[BlackClock "00:40:39"]
[WhiteTeam "SC Garching 1980 e.V."]
[BlackTeam "SK Doppelbauer Kiel"]
[PlyCount "57"]
[WhiteFideId "34608281"]
[BlackFideId "34617507"]
[EventCountry "GER"]
[EventRounds "7"]
[EventType "team-swiss"]
[EventDate "2022.12.26"]

1. e4 {[%clk 01:30:59]} {[%emt 00:49:05]} e5 {[%clk 01:30:45]} {[%emt
00:00:15]} 2. Nf3 {[%clk 01:31:26]} {[%emt 00:00:04]} Nc6 {[%clk 01:31:10]}
{[%emt 00:00:04]} 3. Nc3 {[%clk 01:31:52]} {[%emt 00:00:04]} Nf6 {[%clk
01:31:10]} {[%emt 00:00:30]} 4. d4 {[%clk 01:32:11]} {[%emt 00:00:11]} exd4
{[%clk 01:26:31]} {[%emt 00:05:09]} 5. Nxd4 {[%clk 01:32:39]} {[%emt 00:00:02]}
Be7 {[%clk 01:24:15]} {[%emt 00:02:47]} 6. Nxc6 {[%clk 01:32:05]} {[%emt
00:01:03]} dxc6 {[%clk 01:24:29]} {[%emt 00:00:17]} 7. Qxd8 {[%clk 01:31:50]}
{[%emt 00:00:45]} Bxd8 {[%clk 01:24:48]} {[%emt 00:00:11]} 8. Bg5 {[%clk
01:31:47]} {[%emt 00:00:32]} O-O {[%clk 01:23:15]} {[%emt 00:02:03]} 9. O-O-O
{[%clk 01:31:46]} {[%emt 00:00:31]} Be7 {[%clk 01:22:17]} {[%emt 00:01:28]} 10.
e5 {[%clk 01:30:39]} {[%emt 00:01:38]} Nd5 {[%clk 01:22:25]} {[%emt 00:00:22]}
11. Bxe7 {[%clk 01:28:57]} {[%emt 00:02:11]} Nxe7 {[%clk 01:22:46]} {[%emt
00:00:10]} 12. Bc4 {[%clk 01:27:54]} {[%emt 00:01:32]} Bf5 {[%clk 01:20:55]}
{[%emt 00:02:23]} 13. h3 {[%clk 01:27:06]} {[%emt 00:01:16]} Rad8 {[%clk
01:20:22]} {[%emt 00:01:04]} 14. g4 {[%clk 01:26:32]} {[%emt 00:01:04]} Bc8
{[%clk 01:20:03]} {[%emt 00:00:49]} 15. f4 {[%clk 01:25:28]} {[%emt 00:01:34]}
b5 {[%clk 01:17:48]} {[%emt 00:02:44]} 16. Bb3 {[%clk 01:25:30]} {[%emt
00:00:28]} Bb7 {[%emt 00:02:08]} 17. Rhe1 {[%clk 01:24:46]} a6 {[%clk
01:14:13]} {[%emt 00:03:42]} 18. Ne4 {[%clk 01:22:43]} {[%emt 00:02:32]} Ng6
{[%clk 01:11:20]} {[%emt 00:03:23]} 19. Ng5 {[%clk 01:19:18]} {[%emt 00:03:57]}
Nxf4 {[%clk 00:59:51]} {[%emt 00:11:57]} 20. Bxf7 {[%clk 01:18:10]} {[%emt
00:01:38]} Kh8 {[%clk 00:57:10]} {[%emt 00:03:11]} 21. e6 {[%clk 01:17:53]}
{[%emt 00:00:48]} Rxd1 {[%clk 00:52:03]} {[%emt 00:05:37]} 22. Rxd1 {[%clk
01:17:19]} {[%emt 00:01:03]} Nxe6 {[%clk 00:45:40]} {[%emt 00:06:54]} 23. Nxe6
{[%clk 01:17:18]} {[%emt 00:00:30]} Rc8 {[%clk 00:45:26]} {[%emt 00:00:44]} 24.
Nc5 {[%clk 01:16:44]} {[%emt 00:01:04]} Ba8 {[%clk 00:44:35]} {[%emt 00:01:22]}
25. Rd7 {[%clk 01:16:36]} {[%emt 00:00:38]} g6 {[%clk 00:43:48]} {[%emt
00:01:16]} 26. Be6 {[%clk 01:16:31]} {[%emt 00:00:36]} a5 {[%clk 00:42:48]}
{[%emt 00:01:30]} 27. h4 {[%clk 01:16:25]} {[%emt 00:00:35]} a4 {[%clk
00:42:28]} {[%emt 00:00:51]} 28. Ne4 {[%clk 01:14:10]} {[%emt 00:02:44]} Rf8
{[%clk 00:40:39]} {[%emt 00:02:19]} 29. Ng5 {[%clk 01:14:12]} {[%emt 00:00:28]}
1-0

[Event "DVM U14 2022"]
[Site "Kelheim GER"]
[Date "2022.12.27"]
[Round "2"]
[White "Korchynskyi, Mykola"]
[Black "Nhan, Jinhon Raymon"]
[Result "1-0"]
[Termination "normal"]
[Board "2.1"]
[WhiteElo "1861"]
[BlackElo "1511"]
[WhiteClock "01:01:26"]
[BlackClock "00:05:48"]
[WhiteTeam "Schachfreunde Essen-Katernberg 04/32 e. V."]
[BlackTeam "Schachvereinigung 1920 Plettenberg e. V."]
[PlyCount "85"]
[WhiteFideId "34138005"]
[BlackFideId "16284690"]
[EventCountry "GER"]
[EventRounds "7"]
[EventType "team-swiss"]
[EventDate "2022.12.26"]

1. d4 {[%clk 01:30:58]} {[%emt 00:00:01]} Nf6 {[%clk 01:30:48]} {[%emt
00:00:13]} 2. c4 {[%clk 01:31:13]} {[%emt 00:00:14]} e6 {[%clk 01:30:55]}
{[%emt 00:00:22]} 3. Nc3 {[%clk 01:31:34]} {[%emt 00:00:09]} Bb4 {[%clk
01:31:08]} {[%emt 00:00:18]} 4. Qc2 {[%clk 01:31:56]} {[%emt 00:00:08]} O-O
{[%clk 01:31:10]} {[%emt 00:00:28]} 5. a3 {[%clk 01:32:13]} {[%emt 00:00:13]}
Bxc3 {[%clk 01:30:28]} {[%emt 00:01:12]} 6. Qxc3 {[%clk 01:32:37]} {[%emt
00:00:06]} b6 {[%clk 01:29:55]} {[%emt 00:01:03]} 7. Bg5 {[%clk 01:32:55]}
{[%emt 00:00:13]} Bb7 {[%clk 01:29:31]} {[%emt 00:00:53]} 8. e3 {[%clk
01:33:04]} {[%emt 00:00:19]} d6 {[%clk 01:29:09]} {[%emt 00:00:54]} 9. Ne2
{[%clk 01:33:22]} {[%emt 00:00:12]} Nbd7 {[%clk 01:28:33]} {[%emt 00:01:05]}
10. Qd3 {[%clk 01:33:38]} {[%emt 00:00:15]} Qc8 {[%clk 01:25:30]} {[%emt
00:03:33]} 11. Nc3 {[%clk 01:33:26]} {[%emt 00:00:41]} c5 {[%clk 01:24:25]}
{[%emt 00:01:36]} 12. Be2 {[%clk 01:28:45]} {[%emt 00:05:11]} a6 {[%clk
01:18:42]} {[%emt 00:06:13]} 13. O-O {[%clk 01:28:30]} {[%emt 00:00:45]} Re8
{[%clk 01:16:19]} {[%emt 00:02:54]} 14. Rad1 {[%clk 01:25:59]} {[%emt
00:03:00]} Qc7 {[%clk 01:10:39]} {[%emt 00:06:10]} 15. dxc5 {[%clk 01:23:49]}
{[%emt 00:02:40]} dxc5 {[%clk 01:09:57]} {[%emt 00:01:11]} 16. Qd6 {[%clk
01:23:36]} {[%emt 00:00:44]} Rac8 {[%clk 00:59:14]} {[%emt 00:11:14]} 17. Qxc7
{[%clk 01:23:43]} {[%emt 00:00:23]} Rxc7 {[%clk 00:59:34]} {[%emt 00:00:10]}
18. Rd6 {[%clk 01:24:06]} {[%emt 00:00:07]} h6 {[%clk 00:56:24]} {[%emt
00:03:40]} 19. Bxf6 {[%clk 01:18:37]} {[%emt 00:05:59]} gxf6 {[%clk 00:51:48]}
{[%emt 00:05:05]} 20. Rfd1 {[%clk 01:18:37]} {[%emt 00:00:30]} Bc6 {[%clk
00:51:01]} {[%emt 00:01:17]} 21. f4 {[%clk 01:15:16]} {[%emt 00:03:51]} Kh7
{[%clk 00:45:04]} {[%emt 00:06:27]} 22. Bf3 {[%clk 01:12:55]} {[%emt 00:02:52]}
Nb8 {[%clk 00:42:48]} {[%emt 00:02:45]} 23. Kf2 {[%clk 01:07:38]} {[%emt
00:05:46]} Bxf3 {[%clk 00:38:49]} {[%emt 00:04:30]} 24. Kxf3 {[%clk 01:07:30]}
{[%emt 00:00:38]} Nc6 {[%clk 00:38:53]} {[%emt 00:00:26]} 25. Na4 {[%emt
00:01:36]} Rb8 {[%clk 00:37:03]} {[%emt 00:02:19]} 26. Rd7 {[%clk 01:06:29]}
{[%emt 00:00:27]} Rxd7 {[%clk 00:30:29]} {[%emt 00:07:03]} 27. Rxd7 {[%clk
01:06:42]} {[%emt 00:00:17]} Kg6 {[%clk 00:26:54]} {[%emt 00:04:05]} 28. Rd6
{[%clk 01:06:05]} {[%emt 00:01:05]} Na5 {[%clk 00:25:22]} {[%emt 00:02:04]} 29.
Nxb6 {[%clk 01:05:13]} {[%emt 00:01:22]} Nb7 {[%clk 00:23:05]} {[%emt
00:02:48]} 30. Rc6 {[%clk 01:02:54]} {[%emt 00:02:48]} Nd8 {[%clk 00:22:53]}
{[%emt 00:00:43]} 31. Rd6 {[%clk 01:00:58]} {[%emt 00:02:25]} Nb7 {[%clk
00:23:12]} {[%emt 00:00:11]} 32. Rd3 {[%clk 01:00:19]} {[%emt 00:01:05]} Na5
{[%clk 00:22:24]} {[%emt 00:01:22]} 33. b4 {[%clk 00:59:52]} {[%emt 00:00:56]}
cxb4 {[%clk 00:11:18]} {[%emt 00:11:37]} 34. axb4 {[%clk 00:59:40]} {[%emt
00:00:39]} Rxb6 {[%clk 00:10:32]} {[%emt 00:01:19]} 35. bxa5 {[%clk 01:00:03]}
{[%emt 00:00:08]} Rc6 {[%clk 00:10:52]} {[%emt 00:00:09]} 36. Rc3 {[%clk
01:00:24]} {[%emt 00:00:09]} Rc5 {[%clk 00:10:31]} {[%emt 00:00:51]} 37. Ke4
{[%clk 01:00:24]} {[%emt 00:00:30]} Rxa5 {[%clk 00:09:32]} {[%emt 00:01:29]}
38. c5 {[%clk 01:00:42]} {[%emt 00:00:12]} Rb5 {[%clk 00:09:39]} {[%emt
00:00:23]} 39. c6 {[%clk 01:00:51]} {[%emt 00:00:21]} Rb8 {[%clk 00:09:57]}
{[%emt 00:00:12]} 40. Kd4 {[%clk 01:00:53]} {[%emt 00:00:29]} Kg7 {[%clk
00:07:10]} {[%emt 00:03:17]} 41. Kc5 {[%clk 01:00:57]} {[%emt 00:00:26]} Kf8
{[%clk 00:05:32]} {[%emt 00:02:08]} 42. c7 {[%clk 01:01:04]} {[%emt 00:00:22]}
Rc8 {[%clk 00:05:48]} {[%emt 00:00:14]} 43. Kc6 {[%clk 01:01:26]} {[%emt
00:00:07]} 1-0